| 000 | 01221nac a22003011u 4500 | ||
|---|---|---|---|
| 999 |
_c9230 _d9230 |
||
| 003 | EG-ScBUE | ||
| 005 | 20210316121036.0 | ||
| 008 | 200219s2006 ii f 000 p eng d | ||
| 020 | _a8175810491 | ||
| 040 |
_aEG-ScBUE _beng _erda _cEG-ScBUE _dEG-ScBUE |
||
| 082 | 0 | 4 |
_a821.8 _bTEN _222 |
| 100 | 1 |
_aTennyson, Alfred Tennyson _cBaron, _d1809-1892, _eauthor. _925443 |
|
| 245 | 1 | 0 |
_aSelect poems : _bwith a detailed consideration of select poems with their text and important questions with answers / _cAlfred Tennyson ; Raghukul Tilak, formerly head, Department of English, Meerut College. |
| 250 | _aTwenty-first edition. | ||
| 264 | 1 |
_aNew Delhi : _bRama Brothers India Pvt. Ltd., _c2006. |
|
| 300 |
_aviii, 288 pages ; _c21 cm |
||
| 336 |
_2rdacontent _atext _btxt |
||
| 337 |
_2rdamedia _aunmediated _bn |
||
| 338 |
_2rdacarrier _avolume _bnc |
||
| 500 | _adistributer: Al-Ahram | ||
| 600 | 1 | 7 |
_aTennyson, Alfred Tennyson, _cBaron, _d1809-1892. _tPoems. _xSelections. _2BUEsh _925443 |
| 650 | 7 |
_aEnglish poetry _y19th century. _2BUEsh |
|
| 651 | _2BUEsh | ||
| 653 |
_bHHUUEENN _cMarch2021 |
||
| 655 |
_vReading book _934232 |
||
| 700 | 1 |
_4Tilak, Raghukul, _eeditor. |
|
| 942 |
_cBB _k821.8TIL _2ddc |
||